000 00511nam a2200181Ia 4500
008 240729s9999 xx 000 0 und d
022 _a2694-1899
245 0 _aData Science in Science
260 _aUnited Kingdom
260 _bTaylor & Francis Group
650 _a Mathematics
650 _a Probabilities. Mathematical statistics
650 _a Science (General) | Science
650 _aScience
856 _uhttps://doaj.org/toc/ddac68358b9341fbbb5ef53d3f4f4eb3
942 _2ddc
942 _cDOAJEJ
999 _c72397
_d72397
945 _a1
_bMadushi Gamage
_c1
_dMadushi Gamage